000 00287nam a22001337a 4500
008 170227b xxu||||| |||| 00| 0 eng d
020 _a9780397510917
041 _aeng
080 _22 ED
_a577
100 _a5
101 _aSHMB
245 _aBIOCHEMISTRY
_cCHAMPE.C.P
942 _2udc
_cBK
999 _c6367
_d6367